europa w 1936 - Statystyki

Ogólne statystyki
  • Ten quiz został rozwiązany 505 razy
  • Średni wynik to 22 z 28
Statystyki odpowiedzi
Hint EUROPA % Poprawnych
19 polska
97%
17 niemcy
96%
8 francja
86%
11 hiszpania
86%
26 wielka brytania
85%
9 finlandia
83%
23 szwecja
83%
27 włochy
83%
28 zsrr
83%
18 norwegia
82%
20 portugalia
81%
5 czechosłowacja
80%
10 grecja
80%
13 jugosławia
80%
6 dania
78%
14 litwa
78%
21 rumunia
78%
2 austria
77%
3 belgia
76%
4 bułgaria
76%
16 łotwa
76%
25 węgry
76%
7 estonia
75%
12 holandia
74%
22 szwajcaria
74%
1 albania
72%
15 luksemburg
70%
24 turcja
70%
Nie znaleziono quizów pasujących do podanych kryteriów
Rozkład punktacji
Procent ludzi z każdym wynikiem
Percentyl według liczby udzielonych odpowiedzi
Twoja historia wyników
Nie rozwiązałeś tego quizu